00593nam a2200169Ia 4500008004100000020001500041041000800056082001700064100004000081245008900121250000600210260004400216300001600260650001800276999001900294952011000313210716s1994 xx 000 0 und d a8172242816 aeng a005.133 BROG aBronson, Gary J;Menconi, Stephen J. aFirst book of ansi c: fundamentals of c programming.bFundamentals of c programming. a1 aNew DelhibJaico Publishing Housec1994 axvii,539,12 aC Programming c182819d182819 001040708MCAaAIMITbAIMITd2021-07-16l0o005.133 BROGpMCA02327r2025-07-21 00:00:00w2021-07-16yBK